Los símbolos del estado español (Record no. 189062)

MARC details
000 -LEADER
campo de control de longitud fija 00458nam a2200145 i 4500
001 - NÚMERO DE CONTROL
campo de control 189062
003 - IDENTIFICADOR DE NÚMERO DE CONTROL
campo de control ES-MaACL
005 - FECHA Y HORA DE LA ÚLTIMA TRANSACCIÓN
campo de control 20230906223352.0
008 - DATOS DE LONGITUD FIJA--INFORMACIÓN GENERAL
campo de control de longitud fija 190326q20002019sp |||| | spa d
245 04 - MENCIÓN DEL TÍTULO
Título Los símbolos del estado español
Resto del título : la bandera, el escudo, el himno.
260 ## - PUBLICACIÓN, DISTRIBUCIÓN, ETC.
Lugar de publicación, distribución, etc. Madrid :
Nombre del editor, distribuidor, etc. Ministerio de Defensa,
Fecha de publicación, distribución, etc. [20-?]
300 ## - DESCRIPCIÓN FÍSICA
Extensión [12] p. :
Otras características físicas il. ;
Dimensiones 21 cm.
650 #4 - PUNTO DE ACCESO ADICIONAL DE MATERIA--TÉRMINO DE MATERIA
Término de materia o nombre geográfico como elemento de entrada Emblemas nacionales-
Subdivisión geográfica España.
9 (RLIN) 166699
852 ## - LOCALIZACIÓN
Ubicación ES-MaACL
Número de control de estantería 2339-F-6
Holdings
Estatus retirado Estado de pérdida Estado de daño No para préstamo Colección Biblioteca de origen Biblioteca actual Ubicación en estantería Fecha de adquisición Fuente de adquisición Total de préstamos Signatura topográfica completa Código de barras Visto por última vez Precio de reemplazo Tipo de ítem Koha
        Colección de folletos Biblioteca del Ateneo de Madrid Biblioteca del Ateneo de Madrid Depósito folletos 26/03/2019     2339-F-6 1200234 23/02/2023 23/02/2023 Folleto